000 00702nam a2200289Ia 4500
005 20260324140854.0
008 008 260324s9999 xx 000 0 eng d
020 _a9780429450709
037 _aEBOOK
040 _aCRL
040 _beng
040 _cCRL
041 _2eng
041 _aeng
084 _qCRL
100 _aMargaret Connolly
_91206052
245 0 _aJohn Shirley
245 0 _bBook Production in the Noble Household in Fifteenth-century England
260 _bTaylor and Francis
260 _c1998
365 _a
365 _b180
856 _uhttp://www.taylorfrancis.com/books/9780429450709
942 _cEBOOK
999 _c1808561
_d1808561